Essentials of Clinical Geriatrics/ (Record no. 3740)
[ view plain ]
| 000 -LEADER | |
|---|---|
| fixed length control field | 00575nam a22001817a 4500 |
| 005 - DATE AND TIME OF LATEST TRANSACTION | |
| control field | 20250209124717.0 |
| 008 - FIXED-LENGTH DATA ELEMENTS--GENERAL INFORMATION | |
| fixed length control field | 250209b |||||||| |||| 00| 0 eng d |
| 020 ## - INTERNATIONAL STANDARD BOOK NUMBER | |
| International Standard Book Number | 9780070344587 |
| 050 ## - LIBRARY OF CONGRESS CALL NUMBER | |
| Classification number | RC952 |
| Item number | ,K36 |
| 100 ## - MAIN ENTRY--PERSONAL NAME | |
| Personal name | Kane, Robert L. |
| 245 ## - TITLE STATEMENT | |
| Title | Essentials of Clinical Geriatrics/ |
| Statement of responsibility, etc. | Robert L. Kane, Joseph G. Ouslander & Itamar B. Abrass |
| 250 ## - EDITION STATEMENT | |
| Edition statement | 4th ed. |
| 260 ## - PUBLICATION, DISTRIBUTION, ETC. | |
| Place of publication, distribution, etc. | New York |
| Name of publisher, distributor, etc. | McGraw-Hill Health Professions Division |
| Date of publication, distribution, etc. | 1999 |
| 300 ## - PHYSICAL DESCRIPTION | |
| Extent | xxvi. 623p. |
| Other physical details | ill. |
| Dimensions | 21cm |
| 700 ## - ADDED ENTRY--PERSONAL NAME | |
| Personal name | Ouslander, Joseph G. |
| 700 ## - ADDED ENTRY--PERSONAL NAME | |
| Personal name | Abrass, Itamar B. |
| 942 ## - ADDED ENTRY ELEMENTS (KOHA) | |
| Source of classification or shelving scheme | Library of Congress Classification |
| Koha item type | Books |
| Edition | 4th ed. |
| Suppress in OPAC | No |
| 999 ## - | |
| -- | 3740 |
| -- | 3740 |
| Withdrawn status | Lost status | Source of classification or shelving scheme | Damaged status | Not for loan | Collection | Home library | Current library | Shelving location | Date acquired | Total checkouts | Full call number | Barcode | Date last seen | Copy number | Price effective from | Koha item type |
|---|---|---|---|---|---|---|---|---|---|---|---|---|---|---|---|---|
| Library of Congress Classification | Non-fiction | Science Library (Miotso) | Science Library (Miotso) | General stacks | 02/09/2025 | RC952 .K36 KAN | SLM00003350 | 02/09/2025 | 1 | 02/09/2025 | Books |